| 000 | 00357nam a2200121 a 4500 | ||
|---|---|---|---|
| 005 | 20141022142006.0 | ||
| 008 | 100906s19uu xx 00 eng d | ||
| 050 |
_aCD _bV26 1994 |
||
| 245 |
_aConversation Power : _bcommunication skills for business and personal success. |
||
| 260 |
_bA Nightangale, _c1990. |
||
| 650 | _acommunication skills | ||
| 942 | _cAVM | ||
| 999 |
_c276519 _d276519 |
||